Reviewer in auditing theory / (Record no. 293237)
[ view plain ]
| 000 -LEADER | |
|---|---|
| fixed length control field | 00537nam a2200193Ia 4500 |
| 008 - FIXED-LENGTH DATA ELEMENTS--GENERAL INFORMATION | |
| fixed length control field | 160404s9999 xx 000 0 und d |
| 050 ## - LIBRARY OF CONGRESS CALL NUMBER | |
| Classification number | FIL HF 5667 |
| 050 ## - LIBRARY OF CONGRESS CALL NUMBER | |
| Item number | .S26 |
| 100 ## - MAIN ENTRY--PERSONAL NAME | |
| Personal name | Santos, Petronilo S. |
| 245 ## - TITLE STATEMENT | |
| Title | Reviewer in auditing theory / |
| 245 ## - TITLE STATEMENT | |
| Statement of responsibility, etc | Petronilo S. Santos, Gerardo S. Roque. |
| 260 ## - PUBLICATION, DISTRIBUTION, ETC. (IMPRINT) | |
| Place of publication, distribution, etc | Manila : |
| 260 ## - PUBLICATION, DISTRIBUTION, ETC. (IMPRINT) | |
| Name of publisher, distributor, etc | Roque Press, Inc., |
| 300 ## - PHYSICAL DESCRIPTION | |
| Extent | 332 pages : |
| 300 ## - PHYSICAL DESCRIPTION | |
| Other physical details | illustrations ; |
| 300 ## - PHYSICAL DESCRIPTION | |
| Dimensions | 22 cm. |
| 650 ## - SUBJECT ADDED ENTRY--TOPICAL TERM | |
| Topical term or geographic name as entry element | Auditing -- Philippines. |
| 650 ## - SUBJECT ADDED ENTRY--TOPICAL TERM | |
| General subdivision | Auditing -- Problems, exercises, etc. |
| Withdrawn status | Lost status | Damaged status | Home library | Current library | Shelving location | Date acquired | Total Checkouts | Full call number | Barcode | Date last seen | Price effective from | Koha item type |
|---|---|---|---|---|---|---|---|---|---|---|---|---|
| South Mansfield College | South Mansfield College | Filipiniana Section | FIL HF 5667 .S26 | SMC00050 | 04/04/2016 | 04/04/2016 |